War and trade in the West Indies, 1739-1763 /

Bibliographic Details
Main Author: Pares, Richard, 1902-1958
Format: Book
Language:English
Published: [London] : Cass, 1963.
Subjects:

MARC

Tag First Indicator Second Indicator Subfields
LEADER 00000cam a2200000 4500
001 in00000254513
005 20151010053421.0
008 721102r19631936enka 00010 eng d
010 |a  64000059  
035 |a (OCoLC)00484683 
035 |9 ABC4421AM 
040 |c WSU  |d TXA  |d UtOrBLW 
049 |a TXAM  |c 1 [1148244]  |c 2 [401866] 
090 |a F1621  |b .P32 1963 
100 1 |a Pares, Richard,  |d 1902-1958. 
245 1 0 |a War and trade in the West Indies, 1739-1763 /  |c By Richard Pares. 
264 1 |a [London] :  |b Cass,  |c 1963. 
300 |a xi, 631 pages :  |b illustrations 
336 |a text  |b txt  |2 rdacontent 
337 |a unmediated  |b n  |2 rdamedia 
338 |a volume  |b nc  |2 rdacarrier 
500 |a Reprint of 1936 edition. 
650 0 |a Anglo-Spanish War, 1739-1748. 
650 0 |a Anglo-French War, 1755-1763. 
651 0 |a West Indies  |x History. 
651 0 |a West Indies  |x Commerce. 
999 |a MARS 
999 f f |s 4e153225-e3fe-3c1b-9d0f-46aa26fba516  |i da0c1959-d84a-3526-be60-b136ec514dfb  |t 0 
952 f f |p normal  |a Texas A&M University  |b College Station  |c Sterling C. Evans Library  |d Evans: Library Stacks  |t 0  |e F1621 .P32 1963  |h Library of Congress classification  |i unmediated -- volume  |m A14802355725 
998 f f |a F1621 .P32 1963  |t 0  |l Evans: Library Stacks